000 00348nam a2200157Ia 4500
008 160316s1974 xxu||||| |||| 00| 0 eng d
082 _a341.230000
_bUNO
100 _a
245 _aYear book of the United Nations, 1971
250 _a
260 _aGeneva
_bUNO
_c1974
300 _a861p
_b
_c
365 _b280/-
650 _a
700 _a
_a
999 _c10117
_d10117